Every Country to win an Olympic Medal: Sailing - Statistics

General Stats
  • This quiz has been taken 22 times
    15 since last reset
  • The average score is 28 of 48
Answer Stats
# of Medals Country % Correct
51 France
100%
66 Great Britain
100%
62 USA
100%
31 Australia
93%
19 Brazil
93%
15 Germany
93%
17 Italy
93%
25 New Zealand
93%
9 Canada
87%
8 China
87%
4 Portugal
87%
22 Spain
87%
32 Denmark
80%
11 Finland
80%
3 Japan
80%
32 Norway
80%
2 Russia
80%
11 Argentina
73%
8 Greece
73%
30 Netherlands
73%
5 Poland
73%
39 Sweden
73%
2 Hungary
67%
2 Ireland
67%
5 Israel
67%
4 Switzerland
67%
10 Austria
60%
9 Belgium
60%
3 Croatia
53%
2 Cyprus
53%
4 Slovenia
53%
12 Soviet Union
53%
6 East Germany
47%
2 Estonia
47%
1 Lithuania
40%
5 Ukraine
33%
1 Cuba
27%
1 Peru
27%
7 West Germany
27%
2 Bahamas
20%
1 Czech Republic
20%
1 Hong Kong
13%
1 Singapore
13%
1 Virgin Islands
7%
2 Mixed Team
0%
1 Netherlands Antiles
0%
1 Russian Empire
0%
3 United Team of Germany
0%
No matching quizzes found
Score Distribution
Percent of People with Each Score
Percentile by Number Answered
Your Score History
You have not taken this quiz since the last reset